000 00217 a2200097 4500
001 30423
100 _aPalgrave
245 _aThe golden Treasury
260 _aLondon
_bMacmillan and Company
_c
090 _c20374
_d20374
942 _aNUST-CAE
_cM
_c11530
999 _c265496
_d265496